<?xml version="1.0" encoding="UTF-8"?>
<record
    xmlns:xsi="http://www.w3.org/2001/XMLSchema-instance"
    xsi:schemaLocation="http://www.loc.gov/MARC21/slim http://www.loc.gov/standards/marcxml/schema/MARC21slim.xsd"
    xmlns="http://www.loc.gov/MARC21/slim">

  <leader>00780nam a2200217 a 4500</leader>
  <controlfield tag="001">54137</controlfield>
  <controlfield tag="003">BD-RjUL</controlfield>
  <controlfield tag="005">20211209080057.0</controlfield>
  <controlfield tag="008">161102s1958    bg ||||| b||| 00| 0 ben d</controlfield>
  <datafield tag="035" ind1=" " ind2=" ">
    <subfield code="a">(BD-RjUL)54259</subfield>
  </datafield>
  <datafield tag="040" ind1=" " ind2=" ">
    <subfield code="a">BD-RjUL</subfield>
    <subfield code="b">ben</subfield>
    <subfield code="c">BD-RjUL</subfield>
    <subfield code="d">BD-RjUL</subfield>
  </datafield>
  <datafield tag="041" ind1=" " ind2=" ">
    <subfield code="a">ben</subfield>
  </datafield>
  <datafield tag="082" ind1=" " ind2=" ">
    <subfield code="2">23</subfield>
    <subfield code="a">891.442</subfield>
    <subfield code="b">HOJ 1958</subfield>
  </datafield>
  <datafield tag="100" ind1="1" ind2=" ">
    <subfield code="a">&#x9B9;&#x9CB;&#x9B8;&#x9C7;&#x9A8;, &#x9AE;&#x9C0;&#x9B0; &#x9AE;&#x9B6;&#x9BE;&#x9B0;&#x9CD;&#x200C;&#x9B0;&#x9AB;&#x9CD;&#x200C; </subfield>
    <subfield code="9">146297</subfield>
  </datafield>
  <datafield tag="245" ind1="1" ind2="0">
    <subfield code="a">&#x99C;&#x9AE;&#x9C0;&#x9A6;&#x9BE;&#x9B0; &#x9A6;&#x9B0;&#x9CD;&#x9AA;&#x9A3; /</subfield>
    <subfield code="c">&#x9AE;&#x9C0;&#x9B0; &#x9AE;&#x9B6;&#x9BE;&#x9B0;&#x9CD;&#x200C;&#x9B0;&#x9AB;&#x9CD;&#x200C; &#x9B9;&#x9CB;&#x9B8;&#x9C7;&#x9A8;</subfield>
  </datafield>
  <datafield tag="260" ind1=" " ind2=" ">
    <subfield code="a">&#x9A2;&#x9BE;&#x995;&#x9BE; :</subfield>
    <subfield code="b">&#x9B8;&#x9AC;&#x9C1;&#x99C; &#x9B2;&#x9BE;&#x987;&#x9AC;&#x9CD;&#x9B0;&#x9C7;&#x9B0;&#x9C0;,</subfield>
    <subfield code="c">&#x9E7;&#x9EF;&#x9EB;&#x9EE;.</subfield>
  </datafield>
  <datafield tag="300" ind1=" " ind2=" ">
    <subfield code="a">&#x9AC;&#x9BF;&#x9AD;&#x9BF;&#x9A8;&#x9CD;&#x9A8; &#x9AA;&#x9C3;. ;</subfield>
    <subfield code="c">&#x9E8;&#x9E9; &#x9B8;&#x9C7;&#x9AE;&#x9BF; .</subfield>
  </datafield>
  <datafield tag="650" ind1=" " ind2=" ">
    <subfield code="a">&#x9AC;&#x9BE;&#x982;&#x9B2;&#x9BE; &#x9A8;&#x9BE;&#x99F;&#x995;</subfield>
    <subfield code="9">145698</subfield>
  </datafield>
  <datafield tag="650" ind1=" " ind2=" ">
    <subfield code="a">Bangali drama</subfield>
    <subfield code="9">146298</subfield>
  </datafield>
  <datafield tag="942" ind1=" " ind2=" ">
    <subfield code="2">ddc</subfield>
    <subfield code="c">BK</subfield>
  </datafield>
  <datafield tag="999" ind1=" " ind2=" ">
    <subfield code="c">54137</subfield>
    <subfield code="d">54137</subfield>
  </datafield>
  <datafield tag="952" ind1=" " ind2=" ">
    <subfield code="0">0</subfield>
    <subfield code="1">0</subfield>
    <subfield code="2">ddc</subfield>
    <subfield code="4">0</subfield>
    <subfield code="7">0</subfield>
    <subfield code="8">NFIC</subfield>
    <subfield code="a">RUCL</subfield>
    <subfield code="b">RUCL</subfield>
    <subfield code="c">Stack</subfield>
    <subfield code="d">1968-10-22</subfield>
    <subfield code="e">Prantik</subfield>
    <subfield code="g">2.00</subfield>
    <subfield code="l">1</subfield>
    <subfield code="o">B 891.442 HOJ 1958</subfield>
    <subfield code="r">2024-06-02 00:00:00</subfield>
    <subfield code="s">2024-05-29</subfield>
    <subfield code="t">C-2</subfield>
    <subfield code="w">2016-11-02</subfield>
    <subfield code="y">BK</subfield>
  </datafield>
</record>
